| 000 | 01667nam a2200361 a 4500 | ||
|---|---|---|---|
| 001 | ebr10032348 | ||
| 003 | CaPaEBR | ||
| 006 | m u | ||
| 007 | cr cn||||||||| | ||
| 008 | 030312s2002 enka sb 000 0 eng d | ||
| 010 | _z 2002115988 | ||
| 015 | _aGBA3-21660 | ||
| 016 | 7 |
_a030908623x _2Uk |
|
| 020 | _z030908623X(pbk.) | ||
| 040 |
_aCaPaEBR _cCaPaEBR |
||
| 035 | _a(OCoLC)53400636 | ||
| 050 | 1 | 4 |
_aU393.5 _b.N38 2002eb |
| 082 | 0 | 4 |
_a620.5 _221 |
| 110 | 2 |
_aNational Research Council (U.S.). _bCommittee on Implications of Emerging Micro- and Nanotechnologies. |
|
| 245 | 1 | 0 |
_aImplications of emerging micro- and nanotechnologies _h[electronic resource] / _cCommittee on Implications of Emerging Micro- and Nanotechnologies, Air Force Science and Technology Board, Division on Engineering and Physical Sciences, National Research Council of the National Academies. |
| 260 |
_aWashington, D.C. ; _a[Great Britain] : _bNational Academies Press, _cc2002. |
||
| 300 |
_axxi, 243 p. : _bill. |
||
| 504 | _aIncludes bibliographical references. | ||
| 533 |
_aElectronic reproduction. _bPalo Alto, Calif. : _cebrary, _d2013. _nAvailable via World Wide Web. _nAccess may be limited to ebrary affiliated libraries. |
||
| 610 | 1 | 0 |
_aUnited States. _bAir Force. |
| 650 | 0 |
_aMicrotechnology _zUnited States. |
|
| 650 | 0 |
_aNanotechnology _zUnited States. |
|
| 650 | 0 |
_aMilitary research _zUnited States. |
|
| 650 | 0 |
_aTechnology transfer _zUnited States. |
|
| 655 | 7 |
_aElectronic books. _2local |
|
| 710 | 2 | _aebrary, Inc. | |
| 856 | 4 | 0 |
_uhttp://site.ebrary.com/lib/rucke/Doc?id=10032348 _zAn electronic book accessible through the World Wide Web; click to view |
| 999 |
_c62990 _d62990 |
||